<?xml version="1.0" encoding="UTF-8"?>
<record
    xmlns:xsi="http://www.w3.org/2001/XMLSchema-instance"
    xsi:schemaLocation="http://www.loc.gov/MARC21/slim http://www.loc.gov/standards/marcxml/schema/MARC21slim.xsd"
    xmlns="http://www.loc.gov/MARC21/slim">

  <leader>01315nam a22002537a 4500</leader>
  <controlfield tag="003">OSt</controlfield>
  <controlfield tag="005">20251003100554.0</controlfield>
  <controlfield tag="008">251003s2020    ag |||||r|||| 00| f spa d</controlfield>
  <datafield tag="020" ind1=" " ind2=" ">
    <subfield code="a">978-987-573-209-4</subfield>
  </datafield>
  <datafield tag="040" ind1=" " ind2=" ">
    <subfield code="c">AR-RoUNCS</subfield>
    <subfield code="a">AR-RoUNCS</subfield>
  </datafield>
  <datafield tag="080" ind1=" " ind2=" ">
    <subfield code="0">92-312.9(82)</subfield>
  </datafield>
  <datafield tag="100" ind1="1" ind2=" ">
    <subfield code="a">Bodoc, Liliana,</subfield>
    <subfield code="e">autor</subfield>
  </datafield>
  <datafield tag="245" ind1="1" ind2="3">
    <subfield code="a">El espejo africano /</subfield>
    <subfield code="c">Liliana Bodoc ; [ilustraciones de Mariana Chiesa].</subfield>
  </datafield>
  <datafield tag="250" ind1=" " ind2=" ">
    <subfield code="a">1a ed., 18a reimp.</subfield>
  </datafield>
  <datafield tag="260" ind1=" " ind2=" ">
    <subfield code="a">Buenos Aires :</subfield>
    <subfield code="b">Ediciones SM,</subfield>
    <subfield code="c">2020.</subfield>
  </datafield>
  <datafield tag="300" ind1=" " ind2=" ">
    <subfield code="a">128 p. ;</subfield>
    <subfield code="c">19 cm.</subfield>
  </datafield>
  <datafield tag="490" ind1="0" ind2=" ">
    <subfield code="a">El Barco de Vapor</subfield>
    <subfield code="a">Serie Roja ;</subfield>
    <subfield code="v">12.</subfield>
  </datafield>
  <datafield tag="500" ind1=" " ind2=" ">
    <subfield code="a">Premio El Barco de Vapor 2008.</subfield>
  </datafield>
  <datafield tag="520" ind1=" " ind2=" ">
    <subfield code="a">&#xBF;Qui&#xE9;n dice que los objetos no hablan? Un peque&#xF1;o espejo enmarcado en &#xE9;bano puede ser un s&#xED;mbolo del amor, un recuerdo del lugar de origen, un salvoconducto en la guerra, un objeto lujoso y hasta una llave para saber qui&#xE9;nes somos.
Liliana Bodoc, una de las escritoras m&#xE1;s originales y admiradas de la literatura latinoamericana, imagin&#xF3; a una esclava africana, a un hu&#xE9;rfano espa&#xF1;ol y al general San Mart&#xED;n enlazados por un espejo en los arduos caminos que conducen hacia la libertad. [Nota del editor]</subfield>
  </datafield>
  <datafield tag="650" ind1=" " ind2="4">
    <subfield code="a">LITERATURA ARGENTINA</subfield>
    <subfield code="y">SIGLO XXI</subfield>
    <subfield code="v">NOVELA CORTA</subfield>
    <subfield code="x">COLECCI&#xD3;N JUVENIL</subfield>
  </datafield>
  <datafield tag="655" ind1=" " ind2="4">
    <subfield code="a">NOVELA</subfield>
  </datafield>
  <datafield tag="700" ind1="1" ind2=" ">
    <subfield code="a">Chiesa, Mariana,</subfield>
    <subfield code="d">1967-</subfield>
    <subfield code="e">ilustrador</subfield>
  </datafield>
  <datafield tag="942" ind1=" " ind2=" ">
    <subfield code="2">udc</subfield>
    <subfield code="c">LPD</subfield>
    <subfield code="n">0</subfield>
  </datafield>
  <datafield tag="999" ind1=" " ind2=" ">
    <subfield code="c">633</subfield>
    <subfield code="d">633</subfield>
  </datafield>
  <datafield tag="952" ind1=" " ind2=" ">
    <subfield code="0">0</subfield>
    <subfield code="1">0</subfield>
    <subfield code="2">udc</subfield>
    <subfield code="4">0</subfield>
    <subfield code="7">0</subfield>
    <subfield code="8">CG</subfield>
    <subfield code="a">ESOCIALES</subfield>
    <subfield code="b">ESOCIALES</subfield>
    <subfield code="d">2025-10-03</subfield>
    <subfield code="e">Donaci&#xF3;n 2025</subfield>
    <subfield code="l">0</subfield>
    <subfield code="o">82-312.9(82) B668</subfield>
    <subfield code="p">001474</subfield>
    <subfield code="r">2025-10-03 10:06:40</subfield>
    <subfield code="t">Ej. 2</subfield>
    <subfield code="w">2025-10-03</subfield>
    <subfield code="y">LPD</subfield>
  </datafield>
</record>
